1000 Biggest US Cities with a Map (2022) - Statistics

General Stats
  • This quiz has been taken 524 times
  • The average score is 371 of 1000
Answers on the Map
Answers color-coded by a green-red scale on the quiz's map according to % correct below.
 
Answer Stats
State Population Answer % Correct
NY 8,335,897 New York
92%
MS 145,995 Jackson
91%
TN 68,380 Jackson
91%
CA 3,822,238 Los Angeles
91%
FL 449,514 Miami
91%
WA 749,256 Seattle
91%
IL 2,665,039 Chicago
90%
TX 2,302,878 Houston
90%
OR 635,067 Portland
90%
ME 68,424 Portland
90%
MA 650,706 Boston
89%
TX 1,299,544 Dallas
89%
HI 343,421 Honolulu
89%
PA 1,567,258 Philadelphia
89%
FL 971,319 Jacksonville
88%
NC 70,420 Jacksonville
88%
NV 656,274 Las Vegas
88%
UT 93,022 Sandy
88%
TX 974,447 Austin
87%
CO 713,252 Denver
87%
AZ 1,644,409 Phoenix
87%
MI 620,376 Detroit
86%
TN 621,056 Memphis
86%
CA 808,437 San Francisco
86%
DC 671,803 Washington
86%
AK 287,145 Anchorage
85%
GA 499,127 Atlanta
85%
LA 369,749 New Orleans
85%
OK 694,800 Oklahoma City
85%
CA 1,381,162 San Diego
85%
TX 677,456 El Paso
84%
IN 880,621 Indianapolis
84%
MO 509,297 Kansas City
84%
KS 153,345 Kansas City
84%
MN 425,096 Minneapolis
84%
TN 683,622 Nashville
84%
TX 1,472,909 San Antonio
84%
FL 398,173 Tampa
84%
MD 569,931 Baltimore
83%
NC 897,720 Charlotte
83%
TX 956,709 Fort Worth
83%
CA 77,572 Pittsburg
83%
MO 170,067 Springfield
83%
MA 154,064 Springfield
83%
IL 113,273 Springfield
83%
OR 61,400 Springfield
83%
OH 58,106 Springfield
83%
UT 204,657 Salt Lake City
82%
NM 561,008 Albuquerque
81%
LA 221,453 Baton Rouge
81%
ID 236,634 Boise
81%
NY 276,486 Buffalo
81%
OH 361,607 Cleveland
81%
TN 48,557 Cleveland
81%
OH 907,971 Columbus
81%
GA 202,616 Columbus
81%
IN 51,268 Columbus
81%
WI 563,305 Milwaukee
81%
FL 316,081 Orlando
81%
NV 273,448 Reno
81%
CA 528,001 Sacramento
81%
CA 971,233 San Jose
81%
MO 286,578 St. Louis
81%
OH 309,513 Cincinnati
80%
NE 292,627 Lincoln
80%
CA 52,534 Lincoln
80%
KY 624,444 Louisville
80%
VA 229,395 Richmond
80%
CA 114,301 Richmond
80%
NC 476,587 Raleigh
79%
AL 196,910 Birmingham
78%
CO 486,248 Colorado Springs
78%
NE 485,153 Omaha
78%
FL 201,731 Tallahassee
78%
AZ 546,574 Tucson
78%
MN 303,176 St. Paul
77%
NC 251,350 Winston-Salem
77%
WI 272,903 Madison
76%
AL 59,785 Madison
76%
OR 177,487 Salem
76%
MA 44,722 Salem
76%
WA 230,160 Spokane
76%
KS 396,192 Wichita
76%
SC 153,672 Charleston
75%
WV 47,129 Charleston
75%
AR 202,864 Little Rock
75%
OK 411,867 Tulsa
75%
IA 211,034 Des Moines
74%
PA 302,898 Pittsburgh
74%
VA 455,618 Virginia Beach
74%
SC 139,698 Columbia
73%
MO 128,555 Columbia
73%
TN 45,792 Columbia
73%
TX 316,239 Corpus Christi
73%
CA 545,567 Fresno
73%
RI 189,563 Providence
73%
NM 89,008 Santa Fe
73%
SD 202,078 Sioux Falls
73%
NY 100,826 Albany
72%
GA 67,192 Albany
72%
OR 56,891 Albany
72%
AL 183,289 Mobile
72%
AL 196,986 Montgomery
72%
NY 209,352 Rochester
72%
MN 121,878 Rochester
72%
TX 394,602 Arlington
71%
KY 320,347 Lexington
71%
CA 451,307 Long Beach
71%
NJ 305,344 Newark
71%
OH 50,763 Newark
71%
CA 47,312 Newark
71%
OH 266,301 Toledo
71%
ND 74,445 Bismarck
70%
TN 195,889 Knoxville
70%
NV 280,543 North Las Vegas
70%
CA 430,553 Oakland
70%
GA 202,096 Augusta
69%
WY 64,610 Cheyenne
69%
OH 135,944 Dayton
69%
NJ 286,670 Jersey City
69%
AZ 512,498 Mesa
69%
GA 148,004 Savannah
69%
MO 58,523 St. Peters
69%
ND 131,444 Fargo
68%
IN 267,927 Fort Wayne
68%
MI 196,908 Grand Rapids
68%
NC 301,115 Greensboro
68%
CT 120,686 Hartford
68%
NY 144,451 Syracuse
68%
OH 188,509 Akron
67%
CA 344,461 Anaheim
67%
CA 410,647 Bakersfield
67%
CA 320,764 Riverside
67%
CA 87,533 Santa Barbara
67%
FL 261,256 St. Petersburg
67%
TX 201,291 Amarillo
66%
MT 119,960 Billings
66%
NC 291,928 Durham
66%
OR 177,923 Eugene
66%
VA 232,995 Norfolk
66%
KS 125,449 Topeka
66%
CO 393,537 Aurora
65%
IL 177,866 Aurora
65%
CA 92,388 Carson
65%
TN 184,086 Chattanooga
65%
PA 50,183 Harrisburg
65%
NV 331,415 Henderson
65%
CA 220,328 San Bernardino
65%
FL 183,146 Fort Lauderdale
64%
TX 263,930 Lubbock
64%
CA 308,189 Santa Ana
64%
NH 115,141 Manchester
63%
CT 138,915 New Haven
63%
LA 180,153 Shreveport
63%
CA 321,819 Stockton
63%
WA 194,512 Vancouver
63%
TX 143,984 Waco
63%
NC 120,324 Wilmington
63%
DE 71,569 Wilmington
63%
PA 93,511 Erie
62%
NC 208,873 Fayetteville
62%
AR 99,285 Fayetteville
62%
WI 106,095 Green Bay
62%
AZ 252,136 Glendale
61%
CA 189,221 Glendale
61%
AL 221,933 Huntsville
61%
TX 47,351 Huntsville
61%
CA 313,685 Irvine
61%
LA 121,389 Lafayette
61%
IN 71,402 Lafayette
61%
TX 256,187 Laredo
61%
TX 111,551 Allen
60%
MI 112,537 Lansing
60%
TX 147,662 Pasadena
60%
CA 134,211 Pasadena
60%
AZ 243,050 Scottsdale
60%
WA 221,776 Tacoma
60%
NJ 89,661 Trenton
60%
GA 128,561 Athens
59%
NV 58,130 Carson City
59%
IA 136,429 Cedar Rapids
59%
VA 252,488 Chesapeake
59%
CA 122,625 Concord
59%
NC 109,896 Concord
59%
NH 44,503 Concord
59%
IA 85,497 Sioux City
59%
MA 205,319 Worcester
59%
CO 105,485 Boulder
58%
TX 189,382 Brownsville
58%
MN 86,619 Duluth
58%
WV 45,746 Huntington
58%
CA 194,310 Huntington Beach
58%
TX 289,547 Plano
58%
UT 113,523 Provo
58%
UT 102,519 St. George
58%
VA 155,525 Alexandria
57%
LA 44,004 Alexandria
57%
PA 125,094 Allentown
57%
FL 152,650 Hollywood
57%
TX 254,715 Irving
57%
WA 55,669 Olympia
57%
NY 208,121 Yonkers
57%
MI 119,875 Ann Arbor
56%
CA 279,170 Chula Vista
56%
TX 144,579 McAllen
56%
CA 218,069 Modesto
56%
MD 40,648 Annapolis
55%
MA 118,488 Cambridge
55%
FL 77,958 Daytona Beach
55%
CO 169,249 Fort Collins
55%
CA 223,871 Fremont
55%
IA 75,233 Iowa City
55%
CA 169,185 Lancaster
55%
PA 57,453 Lancaster
55%
OH 41,174 Lancaster
55%
TX 40,449 Lancaster
55%
VA 184,306 Newport News
55%
CA 136,178 Orange
55%
AZ 197,866 Peoria
55%
IL 111,021 Peoria
55%
CA 126,930 Santa Clara
55%
CA 221,345 Santa Clarita
55%
CA 89,947 Santa Monica
55%
CT 148,377 Bridgeport
54%
NC 59,287 Burlington
54%
VT 44,595 Burlington
54%
AZ 280,711 Chandler
54%
AZ 75,907 Flagstaff
54%
PA 75,848 Scranton
54%
CA 118,950 Berkeley
53%
IN 67,972 Gary
53%
AZ 275,346 Gilbert
53%
GA 156,197 Macon
53%
IN 103,110 South Bend
53%
AZ 185,950 Tempe
53%
MI 79,854 Flint
52%
TX 240,854 Garland
52%
MO 42,528 Jefferson City
52%
CA 200,415 Oxnard
52%
WA 152,767 Bellevue
51%
NE 63,015 Bellevue
51%
FL 216,992 Cape Coral
51%
WY 58,543 Casper
51%
NJ 134,283 Elizabeth
51%
FL 145,214 Gainesville
51%
GA 45,282 Gainesville
51%
NC 89,233 Greenville
51%
SC 72,310 Greenville
51%
FL 220,292 Hialeah
51%
IL 150,033 Joliet
51%
NY 47,993 Niagara Falls
51%
FL 231,790 Port St. Lucie
51%
VA 97,847 Roanoke
51%
NM 113,888 Las Cruces
50%
TX 112,906 Odessa
50%
UT 86,825 Ogden
50%
KS 197,726 Overland Park
50%
NC 93,776 Asheville
49%
OR 103,254 Bend
49%
TN 176,974 Clarksville
49%
TX 150,353 Denton
49%
VA 138,037 Hampton
49%
ID 67,723 Idaho Falls
49%
WA 134,392 Kent
49%
CO 156,120 Lakewood
49%
CA 79,063 Lakewood
49%
WA 62,572 Lakewood
49%
OH 49,658 Lakewood
49%
TX 134,444 Midland
49%
MI 42,512 Midland
49%
OK 129,627 Norman
49%
SD 78,824 Rapid City
49%
AL 110,602 Tuscaloosa
49%
PA 44,845 York
49%
TX 124,319 College Station
48%
IN 115,749 Evansville
48%
TX 53,089 Galveston
48%
FL 80,017 Miami Beach
48%
CA 172,199 Oceanside
48%
CA 92,906 Redding
48%
IL 146,713 Rockford
48%
CT 136,188 Stamford
48%
FL 120,932 West Palm Beach
48%
AZ 98,527 Yuma
48%
MN 87,797 Bloomington
47%
IN 79,107 Bloomington
47%
IL 78,864 Bloomington
47%
CA 91,988 Compton
47%
IA 100,486 Davenport
47%
TX 201,843 Grand Prairie
47%
IL 149,936 Naperville
47%
CA 179,061 Ontario
47%
NJ 156,661 Paterson
47%
MN 78,683 Plymouth
47%
KS 46,231 Salina
47%
CA 177,181 Santa Rosa
47%
TX 219,587 Frisco
46%
TN 162,398 Murfreesboro
46%
VA 97,029 Portsmouth
46%
PA 94,858 Reading
46%
CA 61,800 Santa Cruz
46%
TX 127,385 Abilene
45%
WA 84,858 Auburn
45%
AL 80,006 Auburn
45%
FL 53,876 Pensacola
45%
CA 110,125 Santa Maria
45%
TX 109,286 Tyler
45%
TX 112,089 Beaumont
44%
CA 56,349 Beaumont
44%
MT 56,123 Bozeman
44%
NJ 70,996 Camden
44%
NC 180,388 Cary
44%
WI 98,484 Kenosha
44%
TX 159,172 Killeen
44%
KS 95,794 Lawrence
44%
MA 87,954 Lawrence
44%
IN 49,276 Lawrence
44%
FL 86,441 Melbourne
44%
MT 76,955 Missoula
44%
CA 45,223 Palm Springs
44%
CA 66,010 Palo Alto
44%
CO 111,456 Pueblo
44%
MA 101,727 Quincy
44%
CA 176,336 Rancho Cucamonga
44%
CA 161,020 Salinas
44%
CA 124,265 Thousand Oaks
44%
NY 64,081 Utica
44%
OH 59,144 Youngstown
44%
CA 177,558 Elk Grove
43%
WA 111,337 Everett
43%
MA 49,350 Everett
43%
AR 89,992 Fort Smith
43%
CA 103,621 Inglewood
43%
FL 120,071 Lakeland
43%
MA 113,608 Lowell
43%
OR 85,556 Medford
43%
MA 65,399 Medford
43%
ID 110,951 Nampa
43%
WA 107,325 Spokane Valley
43%
OK 117,911 Broken Arrow
42%
CA 103,920 Burbank
42%
VA 45,373 Charlottesville
42%
CA 101,299 Chico
42%
FL 117,027 Clearwater
42%
IL 75,544 Evanston
42%
CA 212,475 Fontana
42%
TN 86,895 Franklin
42%
MD 82,175 Frederick
42%
TX 86,507 Georgetown
42%
MI 72,873 Kalamazoo
42%
KS 53,829 Manhattan
42%
TX 207,507 McKinney
42%
ID 129,736 Meridian
42%
LA 46,820 Monroe
42%
CA 211,924 Moreno Valley
42%
CA 78,315 Napa
42%
NH 91,161 Nashua
42%
TX 102,664 Wichita Falls
42%
WA 97,012 Yakima
42%
KY 74,926 Bowling Green
41%
IN 101,964 Carmel
41%
CA 159,567 Corona
41%
CO 68,034 Grand Junction
41%
CA 156,754 Hayward
41%
KS 145,616 Olathe
41%
CA 163,463 Palmdale
41%
CA 146,017 Pomona
41%
GA 92,950 Roswell
41%
NM 47,390 Roswell
41%
AZ 154,198 Surprise
41%
MI 87,201 Troy
41%
NY 50,895 Troy
41%
MI 137,107 Warren
41%
IA 66,950 Ames
40%
MS 49,118 Biloxi
40%
IL 89,241 Champaign
40%
TX 104,294 Edinburg
40%
FL 95,949 Fort Myers
40%
ND 58,692 Grand Forks
40%
MS 72,236 Gulfport
40%
TX 147,899 Mesquite
40%
MA 100,682 New Bedford
40%
SC 118,608 North Charleston
40%
CA 98,537 Norwalk
40%
CT 91,401 Norwalk
40%
CA 109,527 Ventura
40%
TX 65,372 Victoria
40%
UT 116,664 West Jordan
40%
UT 136,650 West Valley City
40%
FL 99,009 Boca Raton
39%
CT 61,330 Bristol
39%
MI 107,710 Dearborn
39%
CA 72,060 Dublin
39%
OH 48,998 Dublin
39%
CA 150,270 Escondido
39%
CA 119,338 Fairfield
39%
OH 44,456 Fairfield
39%
CA 140,541 Fullerton
39%
CA 169,254 Garden Grove
39%
MT 60,382 Great Falls
39%
MO 121,202 Independence
39%
AR 79,876 Jonesboro
39%
TX 126,697 Round Rock
39%
CA 100,984 San Mateo
39%
CA 141,126 Torrance
39%
CA 137,221 Victorville
39%
CA 143,966 Visalia
39%
OH 69,671 Canton
38%
FL 133,369 Coral Springs
38%
CA 100,007 Daly City
38%
FL 80,003 Kissimmee
38%
LA 79,113 Lake Charles
38%
FL 110,497 Miami Gardens
38%
FL 169,876 Pembroke Pines
38%
CA 154,817 Roseville
38%
MI 46,812 Roseville
38%
VA 98,537 Suffolk
38%
TX 109,414 Sugar Land
38%
CO 143,282 Thornton
38%
CA 123,564 Vallejo
38%
CT 115,016 Waterbury
38%
CA 115,264 Antioch
37%
WI 74,511 Appleton
37%
OR 97,053 Beaverton
37%
CA 114,160 Carlsbad
37%
WI 69,737 Eau Claire
37%
VA 79,287 Lynchburg
37%
MA 100,891 Lynn
37%
TX 86,635 Mission
37%
WI 65,948 Oshkosh
37%
WI 76,462 Racine
37%
NV 109,226 Sparks
37%
WA 93,896 Bellingham
36%
PA 77,617 Bethlehem
36%
IL 69,097 Decatur
36%
AL 57,922 Decatur
36%
IL 113,177 Elgin
36%
NM 46,127 Farmington
36%
CO 109,209 Greeley
36%
OR 107,299 Hillsboro
36%
NY 82,288 New Rochelle
36%
CA 94,854 San Marcos
36%
TX 70,301 San Marcos
36%
MI 132,567 Sterling Heights
36%
CA 111,752 Temecula
36%
IL 87,976 Waukegan
36%
ID 56,733 Coeur d'Alene
35%
CT 86,967 Danbury
35%
UT 95,910 Orem
35%
NM 108,082 Rio Rancho
35%
TX 99,112 San Angelo
35%
MN 69,568 St. Cloud
35%
FL 64,489 St. Cloud
35%
ID 54,300 Twin Falls
35%
CO 114,533 Westminster
35%
CA 89,397 Westminster
35%
TX 133,820 Carrollton
34%
CA 124,556 Clovis
34%
CA 67,048 Davis
34%
AZ 105,406 Goodyear
34%
OR 111,621 Gresham
34%
NJ 57,703 Hoboken
34%
UT 54,680 Logan
34%
CA 91,563 Merced
34%
ND 47,759 Minot
34%
CA 81,059 Mountain View
34%
SC 94,545 Mount Pleasant
34%
TX 104,707 New Braunfels
34%
FL 129,234 Palm Bay
34%
ID 57,730 Pocatello
34%
FL 57,376 Sarasota
34%
NY 68,809 Schenectady
34%
CA 124,398 Simi Valley
34%
MO 70,656 St. Joseph
34%
CA 153,091 Sunnyvale
34%
CO 121,581 Arvada
33%
IA 58,873 Dubuque
33%
WA 97,863 Federal Way
33%
OH 62,937 Hamilton
33%
NC 115,067 High Point
33%
TN 72,514 Johnson City
33%
CA 113,783 Murrieta
33%
KY 60,037 Owensboro
33%
GA 107,763 Sandy Springs
33%
CA 67,039 Union City
33%
NJ 65,366 Union City
33%
CA 76,040 Alameda
32%
NY 47,115 Binghamton
32%
CO 105,865 Centennial
32%
NC 62,098 Chapel Hill
32%
AL 41,690 Florence
32%
SC 40,072 Florence
32%
AL 92,435 Hoover
32%
CA 91,980 Indio
32%
OK 91,542 Lawton
32%
TX 131,215 Lewisville
32%
TX 82,531 Longview
32%
GA 62,602 Marietta
32%
FL 137,228 Miramar
32%
CA 91,776 Mission Viejo
32%
NY 71,714 Mount Vernon
32%
CA 83,993 Newport Beach
32%
OH 79,358 Parma
32%
RI 75,066 Pawtucket
32%
WA 104,047 Renton
32%
MA 79,762 Somerville
32%
AR 87,672 Springdale
32%
PA 40,745 State College
32%
IA 66,562 Waterloo
32%
CA 93,140 Chino
31%
FL 97,267 Deltona
31%
CA 104,414 El Cajon
31%
MO 52,518 Joplin
31%
AZ 58,926 Lake Havasu City
31%
TX 115,418 League City
31%
TX 126,949 Pearland
31%
CA 80,512 Redwood City
31%
TX 118,802 Richardson
31%
PA 44,261 Wilkes-Barre
31%
AR 57,868 Bentonville
30%
MA 42,235 Beverly
30%
VA 45,610 Blacksburg
30%
MA 104,826 Brockton
30%
IA 62,405 Council Bluffs
30%
OK 96,286 Edmond
30%
MA 93,682 Fall River
30%
IN 101,966 Fishers
30%
IN 76,575 Hammond
30%
MS 48,455 Hattiesburg
30%
CA 107,609 Jurupa Valley
30%
MO 103,465 Lee's Summit
30%
MA 87,381 Newton
30%
AR 64,627 North Little Rock
30%
FL 65,478 Ocala
30%
CA 103,545 Rialto
30%
UT 83,513 South Jordan
30%
CA 63,484 South San Francisco
30%
TX 89,458 Temple
30%
IN 58,335 Terre Haute
30%
CA 101,918 Vacaville
30%
RI 83,016 Warwick
30%
CA 105,013 West Covina
30%
RI 82,421 Cranston
29%
FL 106,513 Davie
29%
CA 109,934 Downey
29%
MD 68,952 Gaithersburg
29%
MD 43,701 Hagerstown
29%
WA 84,750 Kennewick
29%
TX 76,724 Mansfield
29%
OH 47,865 Mansfield
29%
FL 112,302 Pompano Beach
29%
AZ 47,603 Prescott
29%
MI 43,477 Saginaw
29%
CA 48,341 San Luis Obispo
29%
MO 71,184 St. Charles
29%
FL 96,306 Sunrise
29%
CA 97,328 Tracy
29%
CA 97,766 Vista
29%
WI 70,454 Waukesha
29%
PA 43,071 Altoona
28%
IL 81,919 Cicero
28%
AL 71,235 Dothan
28%
CA 105,312 El Monte
28%
NC 82,653 Gastonia
28%
NE 52,513 Grand Island
28%
NY 58,331 Hempstead
28%
WI 65,911 Janesville
28%
OK 63,223 Moore
28%
CT 40,009 Norwich
28%
MO 93,663 O'Fallon
28%
SC 75,349 Rock Hill
28%
MD 66,924 Rockville
28%
GA 111,158 South Fulton
28%
GA 82,175 Warner Robins
28%
NY 59,316 White Plains
28%
CA 69,014 Yuba City
28%
GA 67,267 Alpharetta
27%
IL 75,195 Arlington Heights
27%
AZ 91,617 Avondale
27%
TX 87,792 Bryan
27%
AZ 105,567 Buckeye
27%
ID 65,920 Caldwell
27%
TX 101,405 Conroe
27%
AR 67,617 Conway
27%
FL 49,193 Coral Gables
27%
OR 60,956 Corvallis
27%
CA 49,489 Covina
27%
CA 57,856 Cupertino
27%
CA 100,744 Hesperia
27%
WA 92,151 Kirkland
27%
CA 84,701 Livermore
27%
IN 65,076 Muncie
27%
WA 79,315 Pasco
27%
NJ 69,128 Passaic
27%
WA 76,732 Redmond
27%
WA 62,821 Richland
27%
CA 86,762 San Leandro
27%
OK 49,160 Stillwater
27%
CA 61,462 Woodland
27%
MI 76,726 Wyoming
27%
CA 75,867 Apple Valley
26%
MN 55,416 Apple Valley
26%
MN 83,324 Brooklyn Park
26%
CA 77,949 Chino Hills
26%
MI 47,340 East Lansing
26%
OK 50,499 Enid
26%
CA 90,689 Hemet
26%
CA 56,705 Highland
26%
FL 81,562 Homestead
26%
WI 51,380 La Crosse
26%
UT 84,373 Lehi
26%
MI 93,779 Livonia
26%
CO 98,687 Longmont
26%
CO 77,884 Loveland
26%
OH 51,229 Middletown
26%
CT 48,729 Middletown
26%
NJ 55,998 New Brunswick
26%
FL 98,411 Palm Coast
26%
CA 59,971 San Rafael
26%
GA 55,074 Valdosta
26%
IA 70,741 West Des Moines
26%
ND 39,985 West Fargo
26%
CA 80,259 Alhambra
25%
IA 40,746 Cedar Falls
25%
CA 42,732 Danville
25%
VA 42,229 Danville
25%
CA 86,928 Manteca
25%
IL 76,225 Schaumburg
25%
IN 55,099 Anderson
24%
TX 84,324 Baytown
24%
CA 66,127 Brentwood
24%
TN 45,136 Brentwood
24%
CA 86,433 Citrus Heights
24%
NJ 88,709 Clifton
24%
IL 58,594 Des Plaines
24%
NJ 68,446 East Orange
24%
IN 53,801 Elkhart
24%
CA 83,269 Folsom
24%
TN 40,816 Germantown
24%
TX 51,226 Grapevine
24%
VA 51,158 Harrisonburg
24%
CA 84,563 Hawthorne
24%
FL 61,126 Jupiter
24%
TN 56,150 Kingsport
24%
IN 59,671 Kokomo
24%
VA 48,974 Leesburg
24%
AZ 66,290 Maricopa
24%
WA 72,275 Marysville
24%
CA 109,399 Menifee
24%
CA 77,738 Milpitas
24%
TX 76,500 Missouri City
24%
IL 42,028 Moline
24%
CT 74,396 New Britain
24%
FL 58,906 North Miami
24%
FL 85,099 North Port
24%
CA 51,583 Palm Desert
24%
FL 96,042 Plantation
24%
AR 72,999 Rogers
24%
CA 85,953 San Ramon
24%
WI 49,773 Sheboygan
24%
MI 62,258 Taylor
24%
CA 70,693 Tulare
24%
NJ 60,491 Vineland
24%
IA 72,222 Ankeny
23%
MI 52,123 Battle Creek
23%
FL 56,961 Bradenton
23%
CO 80,191 Castle Rock
23%
TX 77,642 Cedar Park
23%
CA 109,521 Costa Mesa
23%
GA 82,453 Johns Creek
23%
FL 82,487 Largo
23%
CA 67,258 Lodi
23%
CA 68,050 Madera
23%
IL 52,838 Normal
23%
IL 52,553 Oak Park
23%
MA 43,310 Pittsfield
23%
CA 76,689 Pleasanton
23%
TX 55,667 Texas City
23%
CA 72,309 Turlock
23%
CA 84,496 Whittier
23%
CA 67,089 Yorba Linda
23%
MA 40,059 Amherst
22%
NJ 69,527 Bayonne
22%
TX 48,724 Bedford
22%
LA 62,635 Bossier City
22%
CO 76,121 Broomfield
22%
KY 40,956 Covington
22%
FL 67,030 Delray Beach
22%
FL 76,983 Doral
22%
MI 82,737 Farmington Hills
22%
IN 65,406 Greenwood
22%
CA 85,638 Lake Forest
22%
OH 65,365 Lorain
22%
VA 42,642 Manassas
22%
CA 73,849 Redlands
22%
CA 73,857 Rocklin
22%
CA 63,457 San Clemente
22%
TN 56,516 Smyrna
22%
GA 56,160 Smyrna
22%
SC 42,757 Sumter
22%
CT 55,004 West Haven
22%
FL 67,677 Weston
22%
MA 49,532 Barnstable
21%
MD 57,192 Bowie
21%
FL 80,859 Boynton Beach
21%
RI 46,691 East Providence
21%
TX 78,486 Flower Mound
21%
WI 44,339 Fond du Lac
21%
CA 58,005 Gilroy
21%
TX 71,678 Harlingen
21%
TN 62,896 Hendersonville
21%
CA 52,633 Huntington Park
21%
MN 74,553 Lakeville
21%
UT 82,601 Layton
21%
MN 45,140 Mankato
21%
CT 60,242 Meriden
21%
CO 61,222 Parker
21%
CA 80,263 Perris
21%
MI 61,854 Pontiac
21%
TX 55,579 Port Arthur
21%
CA 80,598 Rancho Cordova
21%
KS 69,198 Shawnee
21%
CA 78,418 Tustin
21%
CA 78,841 Upland
21%
CA 68,969 Walnut Creek
21%
NC 47,606 Wilson
21%
CA 82,450 Buena Park
20%
CA 70,282 Camarillo
20%
OH 44,201 Cleveland Heights
20%
MI 61,980 Dearborn Heights
20%
FL 86,772 Deerfield Beach
20%
IL 40,220 DeKalb
20%
CA 61,369 Encinitas
20%
MA 70,963 Framingham
20%
CA 58,843 Gardena
20%
LA 64,007 Kenner
20%
MN 52,544 Minnetonka
20%
FL 43,023 North Miami Beach
20%
CA 58,652 Petaluma
20%
TX 65,556 Pflugerville
20%
TX 80,179 Pharr
20%
AZ 49,075 Prescott Valley
20%
MI 75,936 Rochester Hills
20%
NC 54,013 Rocky Mount
20%
FL 63,154 Sanford
20%
IL 65,497 Skokie
20%
CA 90,926 South Gate
20%
MI 84,037 Westland
20%
NJ 51,981 West New York
20%
MN 71,739 Blaine
19%
IL 74,031 Bolingbrook
19%
WA 45,415 Bremerton
19%
MO 49,327 Chesterfield
19%
OH 50,655 Cuyahoga Falls
19%
NJ 45,633 Hackensack
19%
CO 44,755 Littleton
19%
CT 50,471 Milford
19%
MA 58,528 Revere
19%
WA 65,845 Sammamish
19%
CA 41,533 San Bruno
19%
TX 45,264 Sherman
19%
MS 56,360 Southaven
19%
MI 75,431 Southfield
19%
FL 61,438 Wellington
19%
IN 54,605 Westfield
19%
MA 40,535 Westfield
19%
NC 71,065 Apex
18%
CA 76,405 Bellflower
18%
MO 40,377 Cape Girardeau
18%
AZ 60,032 Casa Grande
18%
CA 42,835 Coachella
18%
CO 66,115 Commerce City
18%
MN 67,534 Eagan
18%
MN 62,476 Eden Prairie
18%
MN 52,437 Edina
18%
CA 43,811 El Centro
18%
MA 67,153 Haverhill
18%
NC 44,084 Hickory
18%
CA 63,742 Laguna Niguel
18%
KS 58,617 Lenexa
18%
IN 72,748 Noblesville
18%
MI 66,372 Novi
18%
NJ 55,357 Perth Amboy
18%
CA 49,791 Rosemead
18%
WA 59,690 Shoreline
18%
SC 51,617 Summerville
18%
MA 64,065 Waltham
18%
IN 45,060 West Lafayette
18%
CA 69,455 Baldwin Park
17%
AZ 42,920 Bullhead City
17%
TX 60,169 Euless
17%
NC 63,035 Huntersville
17%
NJ 39,862 Kearny
17%
MA 43,646 Leominster
17%
MA 64,712 Malden
17%
IA 41,864 Marion
17%
AZ 70,734 Queen Creek
17%
MA 59,922 Taunton
17%
NC 51,113 Wake Forest
17%
MN 78,561 Woodbury
17%
RI 42,942 Woonsocket
17%
TX 60,943 Wylie
17%
CA 51,221 Aliso Viejo
16%
MA 46,601 Attleboro
16%
TN 56,798 Bartlett
16%
IL 40,154 Bartlett
16%
IL 41,295 Belleville
16%
CO 41,881 Brighton
16%
WI 41,958 Brookfield
16%
GA 57,934 Brookhaven
16%
MN 63,936 Burnsville
16%
CA 52,494 Cathedral City
16%
MA 54,980 Chicopee
16%
MN 62,785 Coon Rapids
16%
CA 71,024 Eastvale
16%
OH 52,908 Elyria
16%
CA 55,930 Fountain Valley
16%
NY 43,886 Freeport
16%
TX 45,252 Keller
16%
CA 60,360 La Mesa
16%
WA 43,212 Lynnwood
16%
MN 70,582 Maple Grove
16%
CA 60,569 Montebello
16%
TX 70,663 North Richland Hills
16%
IL 57,511 Orland Park
16%
NJ 54,513 Plainfield
16%
IL 46,243 Plainfield
16%
ID 44,194 Post Falls
16%
CA 68,918 Redondo Beach
16%
TX 51,461 Rockwall
16%
TX 65,113 Rowlett
16%
CA 55,470 San Jacinto
16%
CA 59,051 Santee
16%
CA 55,064 West Sacramento
16%
CA 54,857 Arcadia
15%
CA 48,824 Azusa
15%
MO 59,518 Blue Springs
15%
UT 44,481 Bountiful
15%
CA 46,993 Brea
15%
TN 51,594 Collierville
15%
CA 49,243 Cypress
15%
TX 55,968 DeSoto
15%
IL 45,272 Elmhurst
15%
OH 40,249 Findlay
15%
CA 50,824 Glendora
15%
CA 58,470 Hanford
15%
IL 50,682 Hoffman Estates
15%
CA 61,978 La Habra
15%
CA 71,898 Lake Elsinore
15%
FL 73,633 Lauderhill
15%
TX 74,375 Leander
15%
CA 58,554 Monterey Park
15%
NC 52,656 Mooresville
15%
WI 40,315 New Berlin
15%
IL 65,485 Palatine
15%
FL 64,870 Port Orange
15%
ID 40,462 Rexburg
15%
MN 48,827 St. Louis Park
15%
IA 46,648 Urbandale
15%
CA 51,525 Watsonville
15%
IL 52,984 Wheaton
15%
FL 55,024 Winter Haven
15%
FL 56,370 Bonita Springs
14%
CA 47,475 Cerritos
14%
CA 53,918 Colton
14%
CA 50,843 Delano
14%
OH 43,895 Delaware
14%
WA 42,593 Edmonds
14%
MA 41,502 Fitchburg
14%
MO 51,506 Florissant
14%
IN 51,030 Jeffersonville
14%
NC 55,448 Kannapolis
14%
OH 57,027 Kettering
14%
TX 57,470 Kyle
14%
MA 40,971 Marlborough
14%
OH 47,044 Mentor
14%
MA 53,241 Methuen
14%
OK 57,950 Midwest City
14%
GA 41,836 Milton
14%
MN 44,861 Moorhead
14%
CA 55,550 National City
14%
CA 52,184 Novato
14%
FL 60,175 Palm Beach Gardens
14%
MI 57,495 Royal Oak
14%
AZ 45,439 Sierra Vista
14%
UT 44,102 Spanish Fork
14%
OR 55,762 Tigard
14%
FL 49,319 Titusville
14%
NY 40,115 Valley Stream
14%
MA 57,410 Weymouth
14%
FL 57,017 Apopka
13%
IL 42,569 Buffalo Grove
13%
TX 53,381 Burleson
13%
CA 42,286 Campbell
13%
TX 48,341 Cedar Hill
13%
CA 52,855 Diamond Bar
13%
OH 48,496 Euclid
13%
IL 47,258 Glenview
13%
OH 42,233 Grove City
13%
CA 46,323 La Mirada
13%
TN 44,166 Lebanon
13%
CA 43,736 Lompoc
13%
UT 63,034 Millcreek
13%
IL 54,843 Mount Prospect
13%
UT 49,463 Murray
13%
IL 56,286 Oak Lawn
13%
CA 62,998 Porterville
13%
WA 42,452 Puyallup
13%
CT 41,897 Shelton
13%
TN 55,800 Spring Hill
13%
UT 57,879 Taylorsville
13%
WI 58,950 West Allis
13%
IL 40,661 Crystal Lake
12%
IL 49,354 Downers Grove
12%
OR 40,108 Lake Oswego
12%
NJ 43,352 Linden
12%
MA 53,896 Peabody
12%
UT 44,599 Riverton
12%
MI 57,742 St. Clair Shores
12%
GA 61,087 Stonecrest
12%
FL 71,912 Tamarac
12%
IL 54,287 Tinley Park
12%
TX 45,476 Waxahachie
12%
FL 47,049 Winter Garden
12%
OH 46,942 Beavercreek
11%
IL 55,021 Berwyn
11%
FL 48,305 Fort Pierce
11%
TX 45,525 Haltom City
11%
MI 54,077 Kentwood
11%
WA 58,552 Lacey
11%
IL 43,856 Lombard
11%
MN 40,000 Maplewood
11%
IN 50,913 Mishawaka
11%
CA 44,973 Morgan Hill
11%
FL 44,541 North Lauderdale
11%
CA 44,688 Oakley
11%
CA 51,653 Paramount
11%
MI 48,978 Portage
11%
CA 48,078 Poway
11%
IL 40,117 Romeoville
11%
UT 49,354 Saratoga Springs
11%
MN 45,735 Shakopee
11%
WI 47,289 Wauwatosa
11%
MA 41,248 Woburn
11%
CA 54,420 Yucaipa
11%
AZ 40,173 Apache Junction
10%
WA 50,806 Burien
10%
GA 52,201 Dunwoody
10%
SC 47,618 Goose Creek
10%
FL 41,202 Hallandale Beach
10%
CA 44,218 Hollister
10%
CA 64,086 Lynwood
10%
AZ 55,962 Marana
10%
AZ 48,226 Oro Valley
10%
GA 42,133 Peachtree Corners
10%
FL 53,653 Pinellas Park
10%
CA 51,951 Placentia
10%
CA 40,527 Rancho Palos Verdes
10%
CA 44,326 Rohnert Park
10%
NJ 45,123 Sayreville
10%
OH 45,725 Strongsville
10%
TX 42,231 Weslaco
10%
WA 49,017 Bothell
9%
CA 48,988 Ceres
9%
FL 57,348 Coconut Creek
9%
MN 41,033 Cottage Grove
9%
UT 50,731 Draper
9%
TX 40,833 Friendswood
9%
SC 42,090 Greer
9%
UT 59,179 Herriman
9%
OH 43,321 Huber Heights
9%
TX 55,357 Little Elm
9%
GA 44,485 Newnan
9%
MS 47,086 Olive Branch
9%
CA 59,781 Pico Rivera
9%
CA 46,722 Rancho Santa Margarita
9%
TX 45,367 The Colony
9%
FL 45,538 Altamonte Springs
8%
TX 41,926 Coppell
8%
FL 43,958 Cutler Bay
8%
TN 48,194 Gallatin
8%
FL 44,052 Ormond Beach
8%
TX 40,739 Rosenberg
8%
TX 43,010 Schertz
8%
FL 46,506 Clermont
7%
UT 54,149 Eagle Mountain
7%
FL 43,795 Greenacres
7%
NC 45,945 Holly Springs
7%
FL 43,201 Lake Worth Beach
7%
CA 47,044 Los Banos
7%
FL 58,209 Margate
7%
FL 48,198 Ocoee
7%
OH 41,117 Reynoldsburg
7%
FL 41,324 DeLand
6%
NC 40,810 Fuquay-Varina
6%
NC 41,724 Indian Trail
6%
TN 42,548 Mount Juliet
6%
FL 43,824 Oakland Park
6%
FL 40,367 Plant City
6%
MO 47,197 Wentzville
6%
No matching quizzes found
Score Distribution
Percent of People with Each Score
Percentile by Number Answered
Your Score History
You have not taken this quiz